000 00927nam a2200253 i 4500
001 bg
245 0 0 _aPolska w Unii Europejskiej :
_buwarunkowania i możliwości po 2004 roku /
_cred. nauk. Grażyna Wojtkowska-Łodej.
250 _aWyd. 2 popr. i rozsz.
260 _aWarszawa :
_bSzkoła Główna Handlowa. Oficyna Wydawnicza,
_c200R.
300 _a391 s. :
_btab., wykr. ;
_c24 cm.
504 _aBibliogr. przy rozdz.
610 2 9 _aUnia Europejska
_xa Polska
_xgospodarka
_xprognozy
651 9 _aPolska
_xa Unia Europejska
_xgospodarka
_xprognozy
655 _aPodręczniki akademickie
700 1 _aWOJTKOWSKA-ŁODEJ, Grażyna.
_eRed.
020 _a8373781218
040 _cBPK
041 0 _apol
080 _a338.27(438):339.92(4-67)](075.8)
920 _a83-7378-121-8
942 _cKS
008 s pl f |000 0 pol
999 _c45495
_d45495
856 _uhttp://koha.tu.koszalin.pl/cgi-bin/koha/opac-detail.pl?biblionumber=45495
_yKatalog online BPK